[Event "SVK-chT3A2 2122"]
[Site "Slovakia"]
[Date "2022.05.08"]
[Round "7.5"]
[White "Gajarsky, Roman"]
[Black "Skapik, Branislav"]
[Result "1/2-1/2"]
[WhiteElo "1756"]
[BlackElo "1692"]
[PlyCount "54"]
[EventDate "2021.10.10"]
[EventType "team-tourn"]
[EventRounds "11"]
[EventCountry "SVK"]
[SourceTitle "EXT 2024"]
[Source "ChessBase"]
[SourceDate "2023.10.10"]
[SourceVersion "1"]
[SourceVersionDate "2023.10.10"]
[SourceQuality "1"]
[WhiteTeam "Hlohovec"]
[BlackTeam "Senica CVC"]
[WhiteTeamCountry "SVK"]
[BlackTeamCountry "SVK"]

1. e4 e5 2. Nf3 Nc6 3. d4 exd4 4. Nxd4 d6 5. Nc3 Bd7 6. Be3 Nf6 7. f3 a6 8. a3 Be7 9. Bd3 Ne5 10. Be2 Qc8 11. Nd5 Nxd5 12. exd5 0-0 13. 0-0 Re8 14. Qd2 Bf6 15. c3 Rb8 16. Rfe1 c5 17. dxc6 bxc6 18. b4 c5 19. Nb3 Ba4 20. Na5 Rd8 21. Qd5 Bc6 22. Nxc6 Qxc6 23. Qxc6 Nxc6 24. bxc5 Bxc3 25. Reb1 dxc5 26. Bxa6 Bd4 27. Bxd4 Nxd4 1/2-1/2

[Event "SVK-chT3A2 2122"]
[Site "Slovakia"]
[Date "2022.02.13"]
[Round "9.5"]
[White "Londin, Lukas Vojtech"]
[Black "Skapik, Branislav"]
[Result "1-0"]
[WhiteElo "1601"]
[BlackElo "1692"]
[PlyCount "56"]
[EventDate "2021.10.10"]
[EventType "team-tourn"]
[EventRounds "11"]
[EventCountry "SVK"]
[SourceTitle "EXT 2023"]
[Source "ChessBase"]
[SourceDate "2022.10.05"]
[SourceVersion "1"]
[SourceVersionDate "2022.10.05"]
[SourceQuality "1"]
[WhiteTeam "Skalica"]
[BlackTeam "Senica CVC"]
[WhiteTeamCountry "SVK"]
[BlackTeamCountry "SVK"]

1. e4 d5 2. exd5 Nf6 3. d4 Nxd5 4. c4 Nb4 5. a3 N4c6 6. Be3 e6 7. Nc3 Be7 8. Nf3 Nd7 9. Be2 0-0 10. 0-0 h6 11. b4 a6 12. Qc2 Nf6 13. Rad1 Bd6 14. Qc1 Ng4 15. Bf4 Qe7 16. Rfe1 Bxf4 17. Qxf4 e5 18. dxe5 Ncxe5 19. Nd5 Qd6 20. Nxe5 Qxe5 21. Qxe5 Nxe5 22. Nxc7 Rb8 23. Nd5 Be6 24. f4 Ng4 25. h3 Bxd5 26. cxd5 Ne3 27. Rd3 Rfe8 28. Bf3 Rbc8 1-0

[Event "SVK-chT2A 1920"]
[Site "Slovakia"]
[Date "2020.03.08"]
[Round "11.6"]
[White "Pozsar, Peter"]
[Black "Skapik, Branislav"]
[Result "1-0"]
[WhiteElo "1846"]
[BlackElo "1726"]
[PlyCount "39"]
[EventDate "2019.10.26"]
[EventType "team-tourn"]
[EventRounds "11"]
[EventCountry "SVK"]
[SourceTitle "CBM 195 Extra"]
[Source "ChessBase"]
[SourceDate "2020.05.31"]
[SourceVersion "1"]
[SourceVersionDate "2020.05.31"]
[SourceQuality "1"]
[WhiteTeam "Senec"]
[BlackTeam "Osuske II"]
[WhiteTeamCountry "SVK"]
[BlackTeamCountry "SVK"]

1. e4 e5 2. Nf3 Nc6 3. Bb5 a6 4. Ba4 Nf6 5. 0-0 b5 6. Bb3 d6 7. c3 Bg4 8. h3 Bh5 9. Re1 Be7 10. d3 0-0 11. Nbd2 Na5 12. Bc2 c5 13. Nf1 Nc6 14. Ng3 Bxf3 15. Qxf3 Re8 16. Nf5 Bf8 17. Bg5 Ne7 18. Nh6+ gxh6 19. Bxh6 Bg7 20. Qg3 1-0

[Event "SVK-chT4 A21 1920"]
[Site "Slovakia"]
[Date "2020.02.23"]
[Round "9.3"]
[White "Romanova, Ela"]
[Black "Skapik, Branislav"]
[Result "1-0"]
[WhiteElo "1458"]
[BlackElo "1743"]
[PlyCount "60"]
[EventDate "2019.10.13"]
[EventType "team-tourn"]
[EventRounds "11"]
[EventCountry "SVK"]
[SourceTitle "CBM 195 Extra"]
[Source "ChessBase"]
[SourceDate "2020.05.31"]
[SourceVersion "1"]
[SourceVersionDate "2020.05.31"]
[SourceQuality "1"]
[WhiteTeam "Skalica III"]
[BlackTeam "Brezova pod Bradlom"]
[WhiteTeamCountry "SVK"]
[BlackTeamCountry "SVK"]

1. e4 d5 2. exd5 Nf6 3. d4 Nxd5 4. Bd3 e6 5. Nf3 Nc6 6. c3 Be7 7. 0-0 0-0 8. Nbd2 Nf6 9. Re1 Re8 10. Nf1 b6 11. Ng3 Bb7 12. Qc2 Qd5 13. Bg5 h6 14. Be3 Rad8 15. Qe2 Qd7 16. Rad1 Nd5 17. Bc1 Bd6 18. Bc2 Bxg3 19. fxg3 Qc8 20. Qd3 Nf6 21. Rf1 Ba6 22. c4 Nb4 23. Qb3 Nxc2 24. Qxc2 Bb7 25. Ne5 c5 26. Bxh6 Rxd4 27. Rxd4 cxd4 28. Qd2 Qc5 29. Qg5 d3+ 30. Kh1 Nh5 1-0

[Event "SVK-chT4 A21 1920"]
[Site "Slovakia"]
[Date "2020.01.12"]
[Round "6.5"]
[White "Skapik, Branislav"]
[Black "Knapek, Adrian"]
[Result "1-0"]
[WhiteElo "1743"]
[BlackElo "1491"]
[PlyCount "41"]
[EventDate "2019.10.13"]
[EventType "team-tourn"]
[EventRounds "11"]
[EventCountry "SVK"]
[SourceTitle "CBM 194 Extra"]
[Source "ChessBase"]
[SourceDate "2020.03.31"]
[SourceVersion "1"]
[SourceVersionDate "2020.03.31"]
[SourceQuality "1"]
[WhiteTeam "Brezova pod Bradlom"]
[BlackTeam "Myjava Spartak"]
[WhiteTeamCountry "SVK"]
[BlackTeamCountry "SVK"]

1. e4 c5 2. Nc3 g6 3. g3 Bg7 4. Bg2 Nc6 5. f4 d6 6. h3 Nf6 7. Nf3 a6 8. d3 b5 9. e5 Nd7 10. Ng5 Ndb8 11. exd6 Bxc3+ 12. bxc3 Qxd6 13. Ne4 Qe6 14. 0-0 c4 15. d4 Qd7 16. d5 Na5 17. d6 Nbc6 18. dxe7 Qxd1 19. Rxd1 Kxe7 20. Ba3+ b4 21. cxb4 1-0

[Event "SVK-chT4 A21 1819"]
[Site "Slovakia"]
[Date "2019.02.17"]
[Round "9.5"]
[White "Sprusansky, Ferdinand"]
[Black "Skapik, Branislav"]
[Result "1-0"]
[WhiteElo "1266"]
[BlackElo "1769"]
[PlyCount "87"]
[EventDate "2018.10.14"]
[EventType "team-tourn"]
[EventRounds "11"]
[EventCountry "SVK"]
[SourceTitle "CBM 189 Extra"]
[Source "ChessBase"]
[SourceDate "2019.05.31"]
[SourceVersion "1"]
[SourceVersionDate "2019.05.31"]
[SourceQuality "1"]
[WhiteTeam "Kopcany"]
[BlackTeam "Brezova pod Bradlom"]
[WhiteTeamCountry "SVK"]
[BlackTeamCountry "SVK"]

1. e4 e5 2. Nf3 Nc6 3. Bb5 a6 4. Ba4 Nf6 5. Nc3 b5 6. Bb3 Be7 7. a3 d6 8. 0-0 Bg4 9. d3 Nd4 10. Be3 Nxb3 11. cxb3 0-0 12. h3 Bh5 13. Bg5 h6 14. Bh4 g5 15. Bg3 Kh7 16. d4 g4 17. hxg4 exd4 18. gxh5 dxc3 19. bxc3 Nxh5 20. Bh2 Nf6 21. Re1 Ng4 22. e5 Nxh2 23. Qd3+ Kh8 24. Kxh2 Rg8 25. e6 Qf8 26. Qd4+ f6 27. Rh1 Qg7 28. g3 f5 29. Qxg7+ Rxg7 30. Kg2 Rg6 31. Nd4 f4 32. Rae1 fxg3 33. fxg3 Rag8 34. Nf5 Bg5 35. e7 Re8 36. c4 Kh7 37. g4 Rf6 38. cxb5 axb5 39. Rh3 Kg6 40. a4 bxa4 41. bxa4 Rxf5 42. gxf5+ Kxf5 43. a5 Bd2 44. Rf3+ 1-0

[Event "SVK-chT4 A21 1819"]
[Site "Slovakia"]
[Date "2018.10.14"]
[Round "1.4"]
[White "Podjavorinsky, Peter"]
[Black "Skapik, Branislav"]
[Result "1/2-1/2"]
[WhiteElo "1678"]
[BlackElo "1769"]
[PlyCount "49"]
[EventDate "2018.10.14"]
[EventType "team-tourn"]
[EventRounds "11"]
[EventCountry "SVK"]
[SourceTitle "CBM 189 Extra"]
[Source "ChessBase"]
[SourceDate "2019.05.31"]
[SourceVersion "1"]
[SourceVersionDate "2019.05.31"]
[SourceQuality "1"]
[WhiteTeam "Vrbove"]
[BlackTeam "Brezova pod Bradlom"]
[WhiteTeamCountry "SVK"]
[BlackTeamCountry "SVK"]

1. e4 d5 2. exd5 Nf6 3. Nf3 Nxd5 4. d4 e6 5. Be2 c5 6. c4 Nb4 7. a3 N4a6 8. Nc3 cxd4 9. Qxd4 Qxd4 10. Nxd4 Bc5 11. Ndb5 0-0 12. b4 Be7 13. Bf3 Nc6 14. 0-0 Bf6 15. Rb1 Nd4 16. Nxd4 Bxd4 17. Nb5 Be5 18. Be3 Bb8 19. Rfd1 Nc7 20. Nd6 Nd5 21. cxd5 Bxd6 22. dxe6 Be7 23. exf7+ Kxf7 24. Bd5+ Kg6 25. Be4+ 1/2-1/2

[Event "SVK-chT4 A21 1718"]
[Site "Slovakia"]
[Date "2017.11.12"]
[Round "4.2"]
[White "Slaby, Jozef"]
[Black "Skapik, Branislav"]
[Result "1/2-1/2"]
[WhiteElo "1734"]
[BlackElo "1800"]
[PlyCount "52"]
[EventDate "2017.10.01"]
[EventType "team-tourn"]
[EventRounds "11"]
[EventCountry "SVK"]
[SourceTitle "EXT 2019"]
[Source "ChessBase"]
[SourceDate "2018.10.10"]
[SourceVersion "1"]
[SourceVersionDate "2018.10.10"]
[SourceQuality "1"]
[WhiteTeam "Chtelnica Kamenar"]
[BlackTeam "Brezova pod Bradlom"]
[WhiteTeamCountry "SVK"]
[BlackTeamCountry "SVK"]

1. d4 Nf6 2. Nf3 g6 3. c4 Bg7 4. Nc3 0-0 5. e4 d6 6. g3 c5 7. d5 Bg4 8. h3 Bd7 9. Bg2 a6 10. a4 e6 11. 0-0 exd5 12. exd5 Re8 13. Be3 Bf5 14. Qd2 Ne4 15. Nxe4 Bxe4 16. Bf4 Qf6 17. Rfe1 Nd7 18. Ra2 Bxf3 19. Rxe8+ Rxe8 20. Bxf3 g5 21. Bg4 gxf4 22. Bxd7 Re7 23. Bg4 fxg3 24. fxg3 Qd4+ 25. Qxd4 cxd4 26. Kf1 b6 1/2-1/2

[Event "SVK-chT3A2 1718"]
[Site "Slovakia"]
[Date "2017.11.05"]
[Round "3.4"]
[White "Skapik, Branislav"]
[Black "Chabada, Tomas"]
[Result "0-1"]
[WhiteElo "1817"]
[BlackElo "1962"]
[PlyCount "110"]
[EventDate "2017.10.08"]
[EventType "team-tourn"]
[EventRounds "11"]
[EventCountry "SVK"]
[SourceTitle "EXT 2020"]
[Source "ChessBase"]
[SourceDate "2019.10.17"]
[SourceVersion "1"]
[SourceVersionDate "2019.10.17"]
[SourceQuality "1"]
[WhiteTeam "Senica CVC"]
[BlackTeam "Holic"]
[WhiteTeamCountry "SVK"]
[BlackTeamCountry "SVK"]

1. c4 e5 2. Nc3 Nf6 3. d3 Nc6 4. Nf3 Bc5 5. e3 0-0 6. Be2 d5 7. cxd5 Nxd5 8. Nxd5 Qxd5 9. 0-0 Bg4 10. Ne1 Bxe2 11. Qxe2 Rad8 12. a3 Qb3 13. Rb1 Bxa3 14. Qc2 Qxc2 15. Nxc2 Be7 16. Rd1 a5 17. Kf1 Rd7 18. Ne1 Rfd8 19. Bd2 Nb4 20. Bc3 f6 21. Ke2 b6 22. Bxb4 Bxb4 23. Nc2 Kf7 24. Nxb4 axb4 25. Ra1 Ke6 26. Ra7 c5 27. Ra6 Rd6 28. b3 Kd5 29. Ra7 R8d7 30. Rda1 Kc6 31. Rxd7 Rxd7 32. Ra6 Kb7 33. Ra1 b5 34. Ra5 Kb6 35. Ra8 Rc7 36. Rb8+ Kc6 37. Ra8 c4 38. dxc4 bxc4 39. bxc4 Kc5 40. Kd3 e4+ 41. Kc2 Kxc4 42. Re8 f5 43. g4 fxg4 44. Kb2 Kd3 45. Kb3 Rb7 46. Re5 Ke2 47. Rf5 g5 48. Re5 Kf3 49. Rf5+ Kg2 50. Re5 Kxf2 51. Rxe4 g3 52. hxg3 Kxg3 53. Re8 h5 54. Re5 Kg4 55. e4 h4 0-1

[Event "SVK-chT4 A21 1617"]
[Site "Slovakia"]
[Date "2017.03.12"]
[Round "11.3"]
[White "Kir, Kvetoslav"]
[Black "Skapik, Branislav"]
[Result "0-1"]
[WhiteElo "1739"]
[BlackElo "1824"]
[PlyCount "68"]
[EventDate "2016.10.09"]
[EventType "team-tourn"]
[EventRounds "11"]
[EventCountry "SVK"]
[SourceTitle "EXT 2020"]
[Source "ChessBase"]
[SourceDate "2019.10.17"]
[SourceVersion "1"]
[SourceVersionDate "2019.10.17"]
[SourceQuality "1"]
[WhiteTeam "Senica II"]
[BlackTeam "Brezova pod Bradlom"]
[WhiteTeamCountry "SVK"]
[BlackTeamCountry "SVK"]

1. d4 d5 2. c4 e6 3. Nc3 Nf6 4. Nf3 Nbd7 5. e3 Be7 6. Bd3 dxc4 7. Bxc4 Nb6 8. Bd3 0-0 9. 0-0 c5 10. b3 Nbd5 11. Bb2 a6 12. Rc1 cxd4 13. Nxd5 Nxd5 14. Nxd4 Bf6 15. Qe2 Bd7 16. Rfd1 Qb6 17. Rc4 Rac8 18. Rdc1 Rxc4 19. Rxc4 Nb4 20. Bb1 e5 21. a3 Nd5 22. Qc2 g6 23. Nf3 Qd6 24. Qd2 b5 25. Rc1 Qe6 26. Rc5 Bc6 27. e4 Nf4 28. Bxe5 Rd8 29. Qe1 Qg4 30. Bxf4 Bxe4 31. Bxe4 Qxf4 32. Rc1 Re8 33. Nd2 Bd4 34. g3 Qe5 0-1

[Event "SVK-chT3A2 1617"]
[Site "Slovakia"]
[Date "2017.03.05"]
[Round "10.1"]
[White "Nadzamova, Sofia"]
[Black "Skapik, Branislav"]
[Result "1-0"]
[WhiteElo "1745"]
[BlackElo "1861"]
[PlyCount "83"]
[EventDate "2016.10.16"]
[EventType "team-tourn"]
[EventRounds "11"]
[EventCountry "SVK"]
[SourceTitle "EXT 2020"]
[Source "ChessBase"]
[SourceDate "2019.10.17"]
[SourceVersion "1"]
[SourceVersionDate "2019.10.17"]
[SourceQuality "1"]
[WhiteTeam "Gbely Nafta"]
[BlackTeam "Senica CVC"]
[WhiteTeamCountry "SVK"]
[BlackTeamCountry "SVK"]

1. e4 d5 2. exd5 Nf6 3. d4 Nxd5 4. c4 Nb4 5. Qa4+ N8c6 6. d5 b5 7. Qd1 Nd4 8. Na3 e5 9. Be3 Bc5 10. Bxd4 Bxd4 11. Nxb5 Bf5 12. Nxd4 exd4 13. Qa4+ c6 14. Qxb4 Rb8 15. Qd2 Qe7+ 16. Qe2 Qxe2+ 17. Nxe2 d3 18. Nd4 d2+ 19. Kxd2 Rxb2+ 20. Kc3 Rxf2 21. Nxf5 Rxf5 22. Bd3 Rf2 23. Rae1+ Kd7 24. Rhf1 Rxf1 25. Rxf1 f6 26. Bf5+ Kd6 27. Kd4 c5+ 28. Kc3 Re8 29. Be6 Rb8 30. a3 Rb6 31. Re1 Ra6 32. Kb3 Rb6+ 33. Kc3 Ra6 34. Kb2 Rb6+ 35. Kc2 Ra6 36. Re3 Ra4 37. Kb3 Ra6 38. Bf5 Rb6+ 39. Kc2 g6 40. Re6+ Kc7 41. Rxb6 axb6 42. Be6 1-0

[Event "SVK-chT3A2 1617"]
[Site "Slovakia"]
[Date "2016.12.11"]
[Round "5.1"]
[White "Skapik, Branislav"]
[Black "Planka, Peter"]
[Result "0-1"]
[WhiteElo "1861"]
[BlackElo "1781"]
[PlyCount "153"]
[EventDate "2016.10.16"]
[EventType "team-tourn"]
[EventRounds "11"]
[EventCountry "SVK"]
[SourceTitle "EXT 2020"]
[Source "ChessBase"]
[SourceDate "2019.10.17"]
[SourceVersion "1"]
[SourceVersionDate "2019.10.17"]
[SourceQuality "1"]
[WhiteTeam "Senica CVC"]
[BlackTeam "Skalica II"]
[WhiteTeamCountry "SVK"]
[BlackTeamCountry "SVK"]

1. c4 e5 2. Nc3 Nf6 3. d3 Be7 4. Nf3 d6 5. g3 0-0 6. Bg2 h6 7. b4 c6 8. a3 Be6 9. Bd2 Qc8 10. h3 Nbd7 11. Rc1 Qc7 12. 0-0 Rfc8 13. Nh2 Nh7 14. e4 Rf8 15. g4 a6 16. Be3 Bg5 17. Qd2 Bxe3 18. Qxe3 c5 19. Nd5 Bxd5 20. cxd5 b6 21. f4 Qd8 22. Nf3 Qe7 23. fxe5 Nxe5 24. d4 Nxf3+ 25. Rxf3 cxd4 26. Qxd4 Rac8 27. Rfc3 Rxc3 28. Rxc3 Rb8 29. Rc6 Qd8 30. e5 dxe5 31. Qxe5 a5 32. d6 Nf6 33. b5 Kf8 34. Rc7 Nd7 35. Qf5 Nf6 36. Qe5 Nd7 37. Qf4 Qe8 38. Rc1 Qe5 39. Qxe5 Nxe5 40. Re1 f6 41. Bc6 Rd8 42. Rd1 Nc4 43. d7 Ne5 44. Kg2 Ke7 45. Re1 Kd6 46. Rd1+ Kc7 47. Rc1 Nxd7 48. Be4+ Nc5 49. Kf3 Rd4 50. Bg6 Kd6 51. Ke3 Ke5 52. Rc2 Rd1 53. Re2 Ra1 54. Kf3+ Kd4 55. Re7 Rxa3+ 56. Kg2 a4 57. Rxg7 Nd3 58. Rd7+ Kc4 59. Bf5 Nf4+ 60. Kf1 Rxh3 61. Rd6 a3 62. Bh7 a2 63. Bg8+ Kxb5 64. Bxa2 Rh1+ 65. Kf2 Rh2+ 66. Kg3 Rxa2 67. Kxf4 Kc5 68. Rd8 b5 69. Rc8+ Kd4 70. Rd8+ Kc3 71. Rc8+ Kb3 72. Kf5 Rf2+ 73. Kg6 Rg2 74. Kf5 h5 75. gxh5 Rg5+ 76. Kxf6 Rxh5 77. Ke6 0-1

[Event "SVK-chT4 A21 1617"]
[Site "Slovakia"]
[Date "2016.11.20"]
[Round "4.4"]
[White "Skapik, Branislav"]
[Black "Dzurjaninova, Hana"]
[Result "0-1"]
[WhiteElo "1822"]
[BlackElo "1696"]
[PlyCount "72"]
[EventDate "2016.10.09"]
[EventType "team-tourn"]
[EventRounds "11"]
[EventCountry "SVK"]
[SourceTitle "EXT 2018"]
[Source "ChessBase"]
[SourceDate "2017.10.13"]
[SourceVersion "1"]
[SourceVersionDate "2017.10.13"]
[SourceQuality "1"]
[WhiteTeam "Brezova pod Bradlom"]
[BlackTeam "Trnava Lokomotiva Jun"]
[WhiteTeamCountry "SVK"]
[BlackTeamCountry "SVK"]

1. c4 c5 2. Nc3 Nc6 3. Nf3 Nf6 4. d3 g6 5. g3 Bg7 6. Bg2 d6 7. 0-0 0-0 8. Bd2 Bd7 9. Qc1 Ng4 10. Rb1 Rb8 11. a3 a6 12. b4 b6 13. h3 Nge5 14. Nxe5 Bxe5 15. Bf4 Bg7 16. Bh6 Qc8 17. Bxg7 Kxg7 18. Kh2 h5 19. Ne4 Rh8 20. Qc3+ f6 21. h4 Ne5 22. Rbc1 Bg4 23. f4 Nf7 24. Rf2 Nh6 25. Ng5 Nf5 26. e4 Nd4 27. bxc5 bxc5 28. e5 dxe5 29. fxe5 fxg5 30. Rcf1 Rf8 31. Rxf8 Qxf8 32. Rxf8 Rxf8 33. hxg5 Rf2 34. Kh1 Bf3 35. Qa5 Rxg2 36. Qxc5 Nf5 0-1

[Event "SVK-chT4 A21 1516"]
[Site "Slovakia"]
[Date "2016.04.03"]
[Round "11.3"]
[White "Skapik, Branislav"]
[Black "Kastler, Peter"]
[Result "1-0"]
[WhiteElo "1854"]
[BlackElo "1741"]
[PlyCount "69"]
[EventDate "2015.10.04"]
[EventType "team-tourn"]
[EventRounds "11"]
[EventCountry "SVK"]
[SourceTitle "EXT 2018"]
[Source "ChessBase"]
[SourceDate "2017.10.13"]
[SourceVersion "1"]
[SourceVersionDate "2017.10.13"]
[SourceQuality "1"]
[WhiteTeam "Brezova pod Bradlom"]
[BlackTeam "Gbely Nafta II"]
[WhiteTeamCountry "SVK"]
[BlackTeamCountry "SVK"]

1. c4 c6 2. Nc3 d5 3. cxd5 cxd5 4. d4 e6 5. Nf3 Nf6 6. Bg5 Be7 7. e3 0-0 8. Bd3 b6 9. Rc1 Ba6 10. 0-0 Bxd3 11. Qxd3 a6 12. Rc2 Nbd7 13. Rfc1 b5 14. a3 Rc8 15. Nxd5 Rxc2 16. Nxe7+ Qxe7 17. Rxc2 Nb6 18. Ne5 Qb7 19. Bxf6 gxf6 20. Ng4 f5 21. Nf6+ Kg7 22. Nh5+ Kh8 23. f3 Rg8 24. e4 Rg5 25. Ng3 h5 26. exf5 exf5 27. Qe3 f6 28. Qe8+ Kh7 29. Nxh5 Rg6 30. Nf4 Rg5 31. h4 Rg3 32. Qh5+ Kg8 33. Re2 Qd7 34. Re8+ Kg7 35. Qh8+ 1-0

[Event "SVK-chT3A2 1516"]
[Site "Slovakia"]
[Date "2015.10.25"]
[Round "2.4"]
[White "Skapik, Branislav"]
[Black "Gajarsky, Julius"]
[Result "1/2-1/2"]
[WhiteElo "1881"]
[BlackElo "1808"]
[PlyCount "79"]
[EventDate "2015.10.11"]
[EventType "team-tourn"]
[EventRounds "11"]
[EventCountry "SVK"]
[SourceTitle "EXT 2020"]
[Source "ChessBase"]
[SourceDate "2019.10.17"]
[SourceVersion "1"]
[SourceVersionDate "2019.10.17"]
[SourceQuality "1"]
[WhiteTeam "Senica CVC"]
[BlackTeam "Modranka Komplet"]
[WhiteTeamCountry "SVK"]
[BlackTeamCountry "SVK"]

1. Nf3 d5 2. g3 Nf6 3. Bg2 c5 4. d4 cxd4 5. Nxd4 e5 6. Nb3 Be6 7. c4 Bb4+ 8. Bd2 Qb6 9. Bxb4 Qxb4+ 10. Qd2 Qxc4 11. Na3 Qc7 12. Rc1 Nc6 13. Nc5 0-0 14. Nb5 Qe7 15. 0-0 Rac8 16. Rfd1 a6 17. Nc3 Rfd8 18. Qe1 b5 19. Nxe6 fxe6 20. e3 e4 21. a3 Ne5 22. Qe2 Nd3 23. Rc2 b4 24. axb4 Qxb4 25. Bh3 Kf7 26. Rdd2 Qb7 27. f3 Nb4 28. Rc1 Ke7 29. Rf1 Rf8 30. Rfd1 Rcd8 31. Na4 Qb5 32. Qxb5 axb5 33. Nc5 exf3 34. Nxe6 Ne4 35. Nxd8 Nxd2 36. Rxd2 Rxd8 37. Kf2 h5 38. Kxf3 Rf8+ 39. Ke2 Kd6 40. Bg2 1/2-1/2

[Event "SVK-chT3A2 1415"]
[Site "Slovakia"]
[Date "2015.03.08"]
[Round "10.3"]
[White "Skapik, Branislav"]
[Black "Curidlo, Jan1"]
[Result "1-0"]
[WhiteElo "1822"]
[BlackElo "1889"]
[PlyCount "93"]
[EventDate "2014.10.19"]
[EventType "team-tourn"]
[EventRounds "11"]
[EventCountry "SVK"]
[SourceTitle "EXT 2019"]
[Source "ChessBase"]
[SourceDate "2018.10.10"]
[SourceVersion "1"]
[SourceVersionDate "2018.10.10"]
[SourceQuality "1"]

1. Nf3 Nf6 2. g3 e6 3. Bg2 d5 4. d4 Bd6 5. 0-0 Nbd7 6. Nbd2 0-0 7. c4 c5 8. Qc2 b6 9. e4 Be7 10. exd5 exd5 11. cxd5 Nxd5 12. Nc4 Bb7 13. Nce5 Rc8 14. Qf5 N7f6 15. Bg5 Rc7 16. dxc5 Bc8 17. Qd3 Rxc5 18. Rac1 Ra5 19. Nc6 Ba6 20. Qxa6 Rxa6 21. Nxd8 Rxd8 22. a3 h6 23. Bd2 b5 24. Rfe1 Bf8 25. Bf1 Rb8 26. Nd4 Rab6 27. Nc6 R8b7 28. Ba5 Ra6 29. a4 Rxa5 30. Nxa5 Rd7 31. Bxb5 Rd8 32. Nc6 Ra8 33. Bc4 Nb6 34. Ne7+ Bxe7 35. Rxe7 Nxc4 36. Rxc4 a5 37. Rcc7 Rb8 38. Rb7 Rf8 39. Re5 Rd8 40. Rxa5 Rd2 41. Ra8+ Kh7 42. Rxf7 Rxb2 43. Raa7 Ne8 44. a5 Rb5 45. Rfe7 Rb8 46. a6 Kg6 47. Rab7 1-0

[Event "SVK-chT3A2 1415"]
[Site "Slovakia"]
[Date "2015.02.22"]
[Round "9.4"]
[White "Skapik, Branislav"]
[Black "Zarecky, Eduard"]
[Result "1-0"]
[WhiteElo "1822"]
[BlackElo "1913"]
[PlyCount "67"]
[EventDate "2014.10.19"]
[EventType "team-tourn"]
[EventRounds "11"]
[EventCountry "SVK"]
[SourceTitle "EXT 2019"]
[Source "ChessBase"]
[SourceDate "2018.10.10"]
[SourceVersion "1"]
[SourceVersionDate "2018.10.10"]
[SourceQuality "1"]

1. Nf3 g6 2. g3 Bg7 3. Bg2 Nf6 4. d4 d5 5. Nc3 Nc6 6. 0-0 0-0 7. Re1 Bf5 8. Nh4 Bg4 9. h3 Be6 10. e3 Qd7 11. Kh2 Rae8 12. Nf3 Bf5 13. Ne5 Nxe5 14. dxe5 Ne4 15. Nxe4 Bxe4 16. Bxe4 Bxe5 17. Qxd5 Qxd5 18. Bxd5 b6 19. f4 Bf6 20. e4 e6 21. Bc6 Rd8 22. e5 Be7 23. Be3 f6 24. Rad1 fxe5 25. fxe5 Bc5 26. Bxc5 bxc5 27. Kg2 Rb8 28. b3 Rf5 29. Bd7 Kf7 30. Rf1 Ke7 31. Rxf5 gxf5 32. Bc6 Rb6 33. Rd7+ Kf8 34. Ba4 1-0

[Event "SVK-chT3A2 1415"]
[Site "Slovakia"]
[Date "2015.01.25"]
[Round "7"]
[White "Brunovsky, Peter"]
[Black "Skapik, Branislav"]
[Result "1/2-1/2"]
[WhiteElo "1869"]
[BlackElo "1822"]
[PlyCount "100"]
[EventDate "2014.10.19"]
[EventType "team-tourn"]
[EventRounds "11"]
[EventCountry "SVK"]
[SourceTitle "EXT 2019"]
[Source "ChessBase"]
[SourceDate "2018.10.10"]
[SourceVersion "1"]
[SourceVersionDate "2018.10.10"]
[SourceQuality "1"]

1. d4 d5 2. Nf3 Nf6 3. Bf4 e6 4. e3 Bd6 5. Bd3 c5 6. Bxd6 Qxd6 7. c3 c4 8. Bc2 Nc6 9. Nbd2 b5 10. a3 Bb7 11. 0-0 0-0 12. h3 a5 13. Qe2 Rfe8 14. Rfe1 Qc7 15. Qf1 Ne7 16. Rad1 b4 17. Ra1 b3 18. Bd1 Nf5 19. Be2 Nd6 20. Red1 Nfe4 21. Nxe4 Nxe4 22. Nd2 Nd6 23. f4 f6 24. Re1 Qf7 25. g4 Qg6 26. Rac1 h6 27. Qg2 e5 28. Bf3 e4 29. Be2 f5 30. Kf2 Qf6 31. Rg1 fxg4 32. hxg4 g5 33. f5 Kg7 34. Rcf1 Nb5 35. Nb1 Rf8 36. Ke1 Ra6 37. Qg3 Re8 38. Kd2 Nd6 39. Rh1 Nf7 40. Rh5 Rc6 41. Rfh1 Qd6 42. Qxd6 Rxd6 43. Kc1 Rf6 44. Nd2 Nd6 45. Nf1 Bc6 46. Ng3 Rh8 47. R5h2 Be8 48. Bd1 Nc8 49. Rh3 Nb6 50. R1h2 Na4 1/2-1/2

[Event "SVK-chT4A21 1415"]
[Site "Slovakia"]
[Date "2014.12.07"]
[Round "5.3"]
[White "Damborsky, Pavol"]
[Black "Skapik, Branislav"]
[Result "0-1"]
[WhiteElo "1772"]
[BlackElo "1822"]
[PlyCount "84"]
[EventDate "2014.10.12"]
[EventType "team-tourn"]
[EventRounds "11"]
[EventCountry "SVK"]
[SourceTitle "EXT 2022"]
[Source "ChessBase"]
[SourceDate "2021.10.06"]
[SourceVersion "1"]
[SourceVersionDate "2021.10.06"]
[SourceQuality "1"]
[WhiteTeam "Kopcany"]
[BlackTeam "Brezova"]
[WhiteTeamCountry "SVK"]
[BlackTeamCountry "SVK"]

1. c4 e6 2. Nc3 Nf6 3. g3 d5 4. cxd5 Nxd5 5. Nxd5 exd5 6. Bg2 c6 7. Nf3 Bd6 8. d4 Bf5 9. Nh4 Be6 10. Qc2 Qd7 11. Bd2 Be7 12. Nf3 Bf5 13. Qc3 f6 14. Nh4 Be6 15. f4 Na6 16. a3 Nc7 17. b4 0-0 18. 0-0 Nb5 19. Qd3 Nd6 20. f5 Bf7 21. g4 Rfe8 22. Qg3 Ne4 23. Bxe4 dxe4 24. Be3 Bd6 25. Qg2 Be7 26. Rad1 Bd5 27. Qh3 a5 28. bxa5 Rxa5 29. Bc1 Rea8 30. e3 Bxa3 31. Bd2 R5a6 32. Qg2 Be7 33. Qh3 Ra2 34. Rf2 Ra1 35. Rdf1 c5 36. dxc5 Bxc5 37. Ng2 Bc4 38. Rxa1 Rxa1+ 39. Ne1 Rd1 40. Qg2 Bxe3 41. Bb4 Qd4 42. h3 Bd5 0-1

[Event "SVK-chT4A21 1415"]
[Site "Slovakia"]
[Date "2014.11.09"]
[Round "3.2"]
[White "Skapik, Branislav"]
[Black "Brunovsky, Peter"]
[Result "1/2-1/2"]
[WhiteElo "1822"]
[BlackElo "1869"]
[PlyCount "94"]
[EventDate "2014.10.12"]
[EventType "team-tourn"]
[EventRounds "11"]
[EventCountry "SVK"]
[SourceTitle "EXT 2022"]
[Source "ChessBase"]
[SourceDate "2021.10.06"]
[SourceVersion "1"]
[SourceVersionDate "2021.10.06"]
[SourceQuality "1"]
[WhiteTeam "Brezova"]
[BlackTeam "Gbely Nafta II"]
[WhiteTeamCountry "SVK"]
[BlackTeamCountry "SVK"]

1. Nf3 Nf6 2. g3 d5 3. Bg2 Bf5 4. d3 h6 5. Nbd2 e6 6. c4 c6 7. b3 Bc5 8. Bb2 Nbd7 9. Rc1 0-0 10. 0-0 Re8 11. d4 Bd6 12. Re1 Bh7 13. e3 Rc8 14. Ne5 Qc7 15. Ndf3 Ne4 16. Nxd7 Qxd7 17. Ne5 Qd8 18. Qh5 Rc7 19. c5 Bf8 20. f4 g6 21. Qe2 f6 22. Ng4 Bg7 23. Bxe4 dxe4 24. Bc3 Qd5 25. Nf2 g5 26. Qh5 Rf7 27. Nh3 Qf5 28. Kg2 Bg6 29. Qe2 Qd5 30. Rf1 Ref8 31. Bb2 Kh7 32. g4 Kg8 33. b4 a6 34. Bc3 Kh8 35. Rf2 Qd8 36. Qc4 Qd5 37. Qe2 Qd7 38. Rd1 Qe7 39. Rff1 f5 40. Rf2 Bf6 41. Rdf1 Kg8 42. Kh1 Rh7 43. Rg2 Kf7 44. gxf5 Bxf5 45. Qh5+ Bg6 46. Qg4 Bf5 47. Qh5+ Bg6 1/2-1/2